One piece tous les personnage 2ème partie - Statistiques

Statistiques générales
  • Ce quiz a été pris 56 fois
    50 depuis la dernière actualisation
  • Le résultat moyen est 57 sur 108
Statistiques - réponses
Catégories Personnages % Correct
Equipage de Kaido Kaido
100%
Equipage de Kaido King
100%
Equipage de Kaido Black Maria
97%
Equipage de Kaido Queen
97%
Equipage de Kaido Page one
95%
Equipage de Kaido Ulti
95%
Equipage de Kaido Jack
92%
Equipage de Kaido Who's Who
92%
Amirale en chef ou ancien/ amirale ou ancien Aokiji
87%
Vice Amiraux ou ancien Monkey D. Garp
87%
Amirale en chef ou ancien/ amirale ou ancien Akainu
85%
Colonnel et autres | Membre du Sword Kobby
85%
Colonnel et autres | Equipage de Kaido | Membre du Sword X-Drake
85%
Amirale en chef ou ancien/ amirale ou ancien Kizaru
82%
Equipage de Kaido Sasaki
82%
Amirale en chef ou ancien/ amirale ou ancien Sengoku
82%
Amirale en chef ou ancien/ amirale ou ancien Fujitora
79%
Colonnel et autres | Membre du Sword Hermepp
79%
Vice Amiraux ou ancien Smoker
79%
Gouvernement mondiale Im Sama
77%
Amirale en chef ou ancien/ amirale ou ancien Kong
77%
Amirale en chef ou ancien/ amirale ou ancien Ryokugyu
74%
Gouvernement mondiale Saint Jaygarcia Saturn
74%
Equipage de Kaido Scratchmen Apoo
74%
Colonnel et autres Tashigi
74%
Equipage de Kaido Yamato
74%
Equipage de Kaido Basil Hawkins
72%
Gouvernement mondiale Saint Marcus Mars
72%
Invention de Végapunk Edison
69%
Colonnel et autres Hina
69%
Invention de Végapunk Lilith
69%
Invention de Végapunk Pythagore
67%
Equipage de Kaido Speed
67%
Royaume de Black Drum Wapol
67%
Invention de Végapunk York
67%
Invention de Végapunk Shaka
64%
Invention de Végapunk S-Hawk
64%
Invention de Végapunk Atlas
62%
Equipage de Kaido Holdem
62%
Colonnel et autres Morgan
62%
Chevaliers divins Saint Figarland Garling
62%
Invention de Végapunk S-Bear
62%
Invention de Végapunk S-Shark
62%
Invention de Végapunk S-Snake
62%
Gouvernement mondiale Saint Topman Warcury
59%
Autres invités de la partie de thé Stussy
59%
Vice Amiraux ou ancien Tsuru
59%
Gouvernement mondiale Vegapunk
56%
Vice Amiraux ou ancien Bastille
54%
Equipage de Kaido Batman
54%
Vice Amiraux ou ancien Doberman
54%
Equipage de Kaido Gazelleman
54%
Vice Amiraux ou ancien Momonga
54%
Invention de Végapunk Pacifista
54%
Gouvernement mondiale Saint Shepherd Ju Peter
54%
Vice Amiraux ou ancien Doll
49%
Colonnel et autres Fullbody
49%
Membre du Sword Hibari
49%
Colonnel et autres Jango
49%
Gouvernement mondiale Saint Ethanbaron V. Nusjuro
49%
Vice Amiraux ou ancien Dalmatien
46%
Autres invités de la partie de thé Morgans
46%
Membre du Sword Prince Gles
46%
Colonnel et autres T-bone
46%
Dragon céleste Saint Rosward
44%
Membre du Sword Kujaku
38%
Colonnel et autres Nezumi
38%
Equipage de Kaido Bao Huang
36%
Vice Amiraux ou ancien John Giant
36%
Equipage de Kaido Trouduc
36%
Vice Amiraux ou ancien Onigumo
33%
Dragon céleste Saint Charloss
33%
Vice Amiraux ou ancien Strawberry
33%
Famille Shimotsuki Kuina
31%
Equipage de Kaido Sheep's head
31%
Equipage de Kaido Solitaire
31%
Vice Amiraux ou ancien Vergo
28%
Equipage de Kaido Briscola
26%
Equipage de Kaido Fourtricks
26%
Equipage de Kaido Poker
26%
Colonnel et autres Brandnew
23%
Colonnel et autres Don Quijote Rossinante
23%
Royaume de Black Drum Kinderella
23%
Equipage de Kaido Mizerka
23%
Equipage de Kaido Pouilleux
23%
Dragon céleste Saint Myosgard
23%
Autres invités de la partie de thé Drug Peclo
21%
Autres invités de la partie de thé Du Feld
21%
Equipage de Kaido Jaki
18%
Equipage de Kaido Juki
18%
Dragon céleste Saint Sharlia
18%
Equipage de Kaido Fuga
15%
Autres invités de la partie de thé Giberson
15%
Equipage de Kaido Hatcha
15%
Equipage de Kaido Plouf
15%
Autres invités de la partie de thé Umit
15%
Equipage de Kaido Goki
13%
Equipage de Kaido Zanki
13%
Equipage de Kaido Inbi
10%
Autres invités de la partie de thé Jigra
10%
Equipage de Kaido Kunyun
10%
Equipage de Kaido Nangi
10%
Equipage de Kaido Hammet
3%
Colonnel et autres Jenfetro
3%
Aucun quiz correspondant
Distribution des résultats
% des personnes avec chaque résultat
Percentile par nombre de réponses
Votre historique - résultats
Vous n’avez pas pris ce quiz depuis la dernière actualisation